| 000 | 01035cam a2200277 a 4500 | ||
|---|---|---|---|
| 001 | 000018346 | ||
| 005 | 20200929165451.0 | ||
| 008 | 070212s2006 sp b 000 f spa d | ||
| 020 | _a8479088966 | ||
| 040 |
_aDO-SdBNP _cDLC _dBNPHU |
||
| 043 | _as-ck--- | ||
| 082 |
_aC863.4 _bC172m |
||
| 100 | 1 |
_aCamacho Delgado, José Manuel. _939738 |
|
| 245 | 1 | 0 |
_aMagia y desencanto en la narrativa colombiana / _cJosé Manuel Camacho Delgado ; prólogo de Trinidad Barrera. |
| 260 |
_a[Alicante, España] : _bUniversidad de Alicante, _c2006. |
||
| 300 |
_a287 p. ; _c18 cm. |
||
| 490 | 1 |
_aCuadernos de América sin nombre _v16 |
|
| 504 | _aBibliogrAfías: p. 279-283. | ||
| 650 | 4 |
_aNovela colombiana _xHistoria y crítica _939739 |
|
| 650 | 4 |
_aLiteratura colombiana _ySIGLO XX _914409 |
|
| 600 | 1 | 0 |
_aGARCÍA MÁRQUEZ, GABRIEL, _d1928- _xCRÍTICA E INTERPRETACIÓN _96429 |
| 700 | 1 |
_aBarrera, Trinidad _eed. _939740 |
|
| 830 | 0 |
_aCuadernos de América sin nombre ; _v16 _97436 |
|
| 910 | _aCatalogación por derivada / LC | ||
| 049 | _aBNGR | ||
| 999 |
_c17867 _d17867 |
||